000 00668nam a2200301Ia 4500
005 20260401122101.0
008 008 250103s9999 xx 000 0 eng d
020 _a140245294
037 _aTB
040 _aEDL
040 _beng
040 _cEDL
041 _2eng
041 _aeng
084 _a863.44 MAR
084 _qEDL
100 _aMarquez, Gabriel Garcia
_91114026
245 0 _aGeneral in his Labyrinth
245 0 _cMarquez, Gabriel Garcia
260 _aNew Delhi
260 _bPenguin Books
260 _c1991
300 _a285p
942 _cTB
942 _h863.44 MAR
999 _c1844805
_d1844805